Tous les starters Pokémon - Statistiques

Statistiques générales
  • Ce quiz a été pris 355 fois
    240 depuis la dernière actualisation
  • Le résultat moyen est 24 sur 33
Statistiques - réponses
Région Nom % Correct
Kanto Bulbizarre
98%
Kanto Salamèche
98%
Kanto Carapuce
96%
Johto Kaiminus
86%
Illumis Kaiminus
86%
Johto Héricendre
84%
Hisui Héricendre
84%
Hoenn Poussifeu
84%
Hoenn Arcko
82%
Johto Germignon
82%
Illumis Germignon
82%
Hoenn Gobou
80%
Sinnoh Ouisticram
80%
Sinnoh Tiplouf
80%
Sinnoh Tortipouss
80%
Kalos Grenousse
79%
Unys Gruikui
77%
Illumis Gruikui
77%
Unys Vipélierre
74%
Unys Moustillon
70%
Hisui Moustillon
70%
Alola Brindibou
69%
Hisui Brindibou
69%
Kalos Feunnec
69%
Alola Flamiaou
69%
Kalos Marisson
64%
Alola Otaquin
61%
Paldea Poussacha
57%
Galar Larméléon
53%
Paldea Chochodile
52%
Galar Flambino
48%
Galar Ouistempo
48%
Paldea Coiffeton
45%
Aucun quiz correspondant
Distribution des résultats
% des personnes avec chaque résultat
Percentile par nombre de réponses
Votre historique - résultats
Vous n’avez pas pris ce quiz depuis la dernière actualisation